<?xml version="1.0" encoding="UTF-8"?>
<collection xmlns="http://www.loc.gov/MARC21/slim">
  <record>
    <leader>00000nam  2200000   4500</leader>
    <controlfield tag="001">INLIS000000000020549</controlfield>
    <controlfield tag="005">20250710034227</controlfield>
    <datafield tag="035" ind1="#" ind2="#">
      <subfield code="a">0010-0725000079</subfield>
    </datafield>
    <controlfield tag="007">ta</controlfield>
    <controlfield tag="008">250710################|##########|#|##</controlfield>
    <datafield tag="084" ind1="#" ind2="#">
      <subfield code="a">R 170 PKN II 2023</subfield>
    </datafield>
    <datafield tag="100" ind1=" " ind2="#">
      <subfield code="a">Aries Fhariandi</subfield>
    </datafield>
    <datafield tag="245" ind1="1" ind2="#">
      <subfield code="a">Strategi Pengelolaan Ekosistem Kemitraan Rantai Pasok Industri (Ekstra Pasti Provinsi Kepulangan Riau) /</subfield>
      <subfield code="c">Aries Fhariandi</subfield>
    </datafield>
    <datafield tag="260" ind1="#" ind2="#">
      <subfield code="a">Jakarta :</subfield>
      <subfield code="b">Pusbangkom Pimnas dan Manajerial ASN,</subfield>
      <subfield code="c">2023</subfield>
    </datafield>
    <datafield tag="300" ind1="#" ind2="#">
      <subfield code="a">33 hlm. ;</subfield>
      <subfield code="c">30 cm</subfield>
    </datafield>
    <datafield tag="650" ind1="#" ind2="4">
      <subfield code="a">Strategi Pengelolaan Ekosistem</subfield>
    </datafield>
    <datafield tag="520" ind1="#" ind2="#">
      <subfield code="a">Untuk membangun linkpage dan kemitraan industry, maka Dinas Perindustrian dan Perdagangan Provinsi Kepualauan Riau melakukan sebuah trobosan melalui proper ini. Proper ini merupakan solusi untuk meningkatkan nilai tambah dan daya saing sector industry melalui kolaborasi dan kerjasama bisnis dalam sebuah sistem rantai pasok yang terintegrasi. Ekstra Pasti memberikan kepastian dan kemudahan layanan kemitraan sector industry berbasis digital melalui instrumen : 1) Peraturan Gubernur Kepulauan Riau tentang Pelaksanaan Kemitraan Industri, 2) Centre of Supplay Chain Partnership, 3) Sistem Informasi Rantai Pasok Industri (SIRAPI)</subfield>
    </datafield>
    <datafield tag="990" ind1="#" ind2="#">
      <subfield code="a">2407170</subfield>
    </datafield>
  </record>
</collection>
